Европейская Россия - Армагеддон - Statistics

General Stats
  • This quiz has been taken 124 times
  • The average score is 9 of 15
Answers on the Grid
Answers color-coded by a green-red scale on the quiz's grid according to % correct below.
Москва
Санкт-Петербург
Новосибирск
Екатеринбург
Нижний Новгород
Омск
Казань
Челябинск
Самара
Ростов-на-Дону
Уфа
Красноярск
Пермь
Волгоград
Йошкар-Ола
Саратов
Владивосток
Ульяновск
Иркутск
Тюмень
Оренбург
Томск
Воронеж
Кемерово
Хабаровск
Барнаул
Улан-Удэ
Ижевск
Чита
Сургут
 
Answer Stats
Answer % Correct
Москва
91%
Санкт-Петербург
89%
Ростов-на-Дону
70%
Нижний Новгород
69%
Казань
65%
Самара
62%
Волгоград
62%
Воронеж
59%
Саратов
58%
Уфа
55%
Ульяновск
53%
Ижевск
53%
Йошкар-Ола
50%
Оренбург
47%
Пермь
42%
No matching quizzes found
Score Distribution
Percent of People with Each Score
Percentile by Number Answered
Your Score History
You have not taken this quiz